000 00444nab a22001457 4500
003 ES-SlBCS
005 20210327224013.0
008 140317s2013 sp ||||| |||| 00| 0 spa d
040 _aES-SlBC
_bspa
041 _aspa
100 1 _aRoss, Karen
_991683
245 1 1 _a"Haciendo" teología de la liberación desde dentro de los márgenes
_cKaren Ross
773 0 _gNúm. 350, 2013, págs, 141-146
_tConcilium
_wRev134
_x0210-1041
942 _2lcc
_cAR
999 _c452001
_d452001